LEADER 00849nam0-2200277---450- 001 990009748320403321 005 20130624094622.0 035 $a000974832 035 $aFED01000974832 035 $a(Aleph)000974832FED01 035 $a000974832 100 $a20130624d--------km-y0itay50------ba 101 0 $aita 102 $aIT 105 $a--------001yy 200 1 $aElementi di diritto privato compreso il diritto della navigazione$eManuale per gli iscritti tecnici commerciali$fGiorgio De Semo 210 $aMilano$cGiuffr$d1960 215 $a648 p.$d23 cm 700 1$aDe Semo,$bGiorgio$0225034 801 0$aIT$bUNINA$gRICA$2UNIMARC 901 $aBK 912 $a990009748320403321 952 $aDPR 7-47$b017723$fDEC 959 $aDEC 996 $aElementi di diritto privato, compreso il diritto della navigazione$9681098 997 $aUNINA LEADER 04157nam 22007335 450 001 9910878979103321 005 20240806093247.0 010 $a9783031514364$b(electronic bk.) 010 $z9783031514357 024 7 $a10.1007/978-3-031-51436-4 035 $a(MiAaPQ)EBC31582557 035 $a(Au-PeEL)EBL31582557 035 $a(CKB)33729411800041 035 $a(DE-He213)978-3-031-51436-4 035 $a(EXLCZ)9933729411800041 100 $a20240805d2024 u| 0 101 0 $aeng 135 $aurcnu|||||||| 181 $ctxt$2rdacontent 182 $cc$2rdamedia 183 $acr$2rdacarrier 200 10$aPrinciples of Complexity Economics $eConcepts, Methods and Applications /$fby Michael Roos 205 $a1st ed. 2024. 210 1$aCham :$cSpringer International Publishing :$cImprint: Springer,$d2024. 215 $a1 online resource (759 pages) 225 1 $aClassroom Companion: Economics,$x2662-2890 311 08$aPrint version: Roos, Michael Principles of Complexity Economics Cham : Springer International Publishing AG,c2024 9783031514357 327 $aUnderstanding a Complex World -- What is Complexity? -- Measurement of Complexity -- Complexity Economics -- The Economy as a Complex Adaptive System -- Nonlinearity -- Feedback, Circular Causality, and System Dynamics -- Self-Organization -- Emergence, Levels, and Hierarchy -- Economic Evolution, Novelty, and Diversity -- History and Path Dependence -- Adaptation, Learning, and Behavior -- Conclusion: What Does it All Mean?. 330 $aThis textbook serves as an introduction to the rising field of complexity economics. In thirteen chapters, it provides a comprehensive and systematic overview of the concepts and methods of complexity economics and their applications to economic issues. The book explains that the complexity approach is not just another method, but a worldview that is different from the one of academics with neoclassical training. By contrasting complexity economics with neoclassical economics, the readers are induced to reflect on their own unconscious beliefs about the economic world and develop their own approach to dealing with the pervasive complexities and uncertainties of reality. The first five chapters serve as an introduction and overview. Chapters 6 - 12 present the core concepts of the book. Each of the seven chapters introduces a key concept of complexity and provides applications to economics topics. The final chapter discusses the implications of complexity thinking for economic policy and for the future development of economics. This textbook addresses advanced undergraduate students and graduate students of economics, interested in a better understanding of the concepts and the way of thinking in complexity economics, as well as in acquiring a sound technical foundation to understand most of the research literature. 410 0$aClassroom Companion: Economics,$x2662-2890 606 $aSchools of economics 606 $aEconomics 606 $aMacroeconomics 606 $aMicroeconomics 606 $aPower resources 606 $aEnvironmental economics 606 $aEconomic policy 606 $aHeterodox Economics 606 $aPolitical Economy and Economic Systems 606 $aMacroeconomics and Monetary Economics 606 $aMicroeconomics 606 $aResource and Environmental Economics 606 $aEconomic Policy 615 0$aSchools of economics. 615 0$aEconomics. 615 0$aMacroeconomics. 615 0$aMicroeconomics. 615 0$aPower resources. 615 0$aEnvironmental economics. 615 0$aEconomic policy. 615 14$aHeterodox Economics. 615 24$aPolitical Economy and Economic Systems. 615 24$aMacroeconomics and Monetary Economics. 615 24$aMicroeconomics. 615 24$aResource and Environmental Economics. 615 24$aEconomic Policy. 676 $a330.1 700 $aRoos$b Michael$01227189 801 0$bMiAaPQ 801 1$bMiAaPQ 801 2$bMiAaPQ 912 $a9910878979103321 996 $aPrinciples of Complexity Economics$94206247 997 $aUNINA